| 000 | 00660cam a2200217 4500 | ||
|---|---|---|---|
| 001 | WB3602-09 | ||
| 008 | 000000n2000 000 0 eng u | ||
| 035 | _a(Sirsi) u103525 | ||
| 245 | _aNew shops | ||
| 260 | _c2000 | ||
| 490 |
_aFinancial Times _v11 January 2000, 5(1) |
||
| 520 | _aProperty developer, Pillar Property is to build a £100m retail and leisure complex in one of Edinburgh's last big undeveloped city centre sites. | ||
| 590 | _aWB | ||
| 650 | _aEDINBURGH | ||
| 650 | _aSCOTLAND | ||
| 650 | _aRETAIL DEVELOPMENT | ||
| 650 | _aLEISURE DEVELOPMENT | ||
| 650 | _aCITY CENTRES | ||
| 690 | _aPROPERTY-PROPERTY DEVELOPMENT | ||
| 942 | _n0 | ||
| 999 |
_c62194 _d62194 |
||